[Event "Barcelona 150 aniversity 2"]
[Site "Barcelona"]
[Date "2019.06.14"]
[Round "8.1"]
[White "Vidal Moll, Francesc"]
[Black "Navarro Fornos, Pere Josep"]
[Result "0-1"]
[WhiteElo "1545"]
[BlackElo "1613"]
[PlyCount "76"]
[EventDate "2019.04.26"]
[EventType "swiss"]
[EventRounds "9"]
[EventCountry "ESP"]
[SourceTitle "EXT 2024"]
[Source "ChessBase"]
[SourceDate "2023.10.10"]
[SourceVersion "1"]
[SourceVersionDate "2023.10.10"]
[SourceQuality "1"]

1. d4 d5 2. e3 Nf6 3. Bd3 Nc6 4. f4 Bg4 5. Nf3 e6 6. Nbd2 Be7 7. 0-0 Qd7 8. c3 0-0-0 9. Bb5 Bd6 10. Qa4 Kb8 11. Ne5 Bxe5 12. fxe5 Ne4 13. Nxe4 dxe4 14. Bd2 h6 15. Rf4 Bf5 16. Raf1 a6 17. Bxc6 Qxc6 18. Qxc6 bxc6 19. g4 g5 20. R4f2 Bxg4 21. Rxf7 Bf3 22. Re7 Rhe8 23. Rh7 h5 24. Rg7 g4 25. Be1 Kb7 26. Rh7 Rg8 27. Rxh5 g3 28. Rh6 gxh2+ 29. Kxh2 Rg2+ 30. Kh3 Rxb2 31. Rg1 Rxa2 32. Rgg6 Re2 33. Bh4 Rc8 34. Bg5 a5 35. Rg7 Re1 36. Kg3 Rg1+ 37. Kf4 Rf8+ 38. Rf6 Rg4# 0-1

[Event "Barcelona 150 aniversity 2"]
[Site "Barcelona"]
[Date "2019.06.07"]
[Round "7.1"]
[White "Garcia Miralles, Eduard"]
[Black "Vidal Moll, Francesc"]
[Result "1-0"]
[WhiteElo "1543"]
[BlackElo "1545"]
[PlyCount "69"]
[EventDate "2019.04.26"]
[EventType "swiss"]
[EventRounds "9"]
[EventCountry "ESP"]
[SourceTitle "EXT 2024"]
[Source "ChessBase"]
[SourceDate "2023.10.10"]
[SourceVersion "1"]
[SourceVersionDate "2023.10.10"]
[SourceQuality "1"]

1. e4 e6 2. Nf3 d5 3. exd5 exd5 4. d4 Nf6 5. c4 Bg4 6. Be3 Nbd7 7. h3 Bh5 8. Nc3 c6 9. cxd5 Nxd5 10. Nxd5 cxd5 11. a3 Bd6 12. Be2 0-0 13. 0-0 Qb6 14. Rb1 Bg6 15. Bd3 Bxd3 16. Qxd3 Rac8 17. Qf5 Nf6 18. Bg5 Be7 19. Rfe1 Qd6 20. Re5 g6 21. Qf4 Rfe8 22. Rxe7 Qxf4 23. Rxe8+ Rxe8 24. Bxf4 Re2 25. Rc1 Kg7 26. Nd2 Re7 27. Be5 Re6 28. Rc7 Rb6 29. b3 a6 30. Rd7 Kf8 31. Rd8+ Ke7 32. Bxf6+ Kxf6 33. Rxd5 Ke6 34. Re5+ Kd6 35. Nc4+ 1-0

[Event "Barcelona 150 aniversity 2"]
[Site "Barcelona"]
[Date "2019.05.31"]
[Round "6.1"]
[White "Vidal Moll, Francesc"]
[Black "Bonil Marti, Xavier"]
[Result "1-0"]
[WhiteElo "1545"]
[BlackElo "1488"]
[PlyCount "49"]
[EventDate "2019.04.26"]
[EventType "swiss"]
[EventRounds "9"]
[EventCountry "ESP"]
[SourceTitle "EXT 2024"]
[Source "ChessBase"]
[SourceDate "2023.10.10"]
[SourceVersion "1"]
[SourceVersionDate "2023.10.10"]
[SourceQuality "1"]

1. d4 e6 2. e3 d5 3. Bd3 c5 4. c3 Nc6 5. f4 Nf6 6. Nf3 cxd4 7. exd4 Bd6 8. 0-0 Qc7 9. Ne5 Nd7 10. Qg4 0-0 11. Qh3 g6 12. Nd2 Ncxe5 13. fxe5 Be7 14. Nf3 Nb6 15. Ng5 Bxg5 16. Bxg5 f5 17. exf6 e5 18. Qg3 Nd7 19. Rae1 Qb6 20. Qh4 e4 21. f7+ Kh8 22. Bxe4 dxe4 23. Rxe4 Qc6 24. Re8 Qd6 25. Be7 1-0

[Event "Barcelona 150 aniversity 2"]
[Site "Barcelona"]
[Date "2019.05.10"]
[Round "3.1"]
[White "Juncosa Padros, Ernest"]
[Black "Vidal Moll, Francesc"]
[Result "1/2-1/2"]
[WhiteElo "1441"]
[BlackElo "1545"]
[PlyCount "68"]
[EventDate "2019.04.26"]
[EventType "swiss"]
[EventRounds "9"]
[EventCountry "ESP"]
[SourceTitle "EXT 2024"]
[Source "ChessBase"]
[SourceDate "2023.10.10"]
[SourceVersion "1"]
[SourceVersionDate "2023.10.10"]
[SourceQuality "1"]

1. d4 e6 2. c4 d5 3. Nc3 f5 4. Nf3 Nf6 5. g3 c6 6. Bg2 Bd6 7. 0-0 Nbd7 8. b3 0-0 9. Bb2 Qe8 10. Qc1 Qh5 11. Qg5 Qxg5 12. Nxg5 Re8 13. f4 h6 14. Nf3 Ng4 15. Nd1 b6 16. Rc1 Bb7 17. Ne5 Ngxe5 18. fxe5 Bb8 19. Nf2 a5 20. a4 c5 21. e3 Bc7 22. Nd3 Bd8 23. cxd5 Bxd5 24. Bxd5 exd5 25. Nf4 Bg5 26. Kg2 Bxf4 27. exf4 Rac8 28. Rfd1 Red8 29. Ba3 c4 30. bxc4 Rxc4 31. Rxc4 dxc4 32. e6 Nf6 33. Kf3 Nd5 34. Rc1 Rc8 1/2-1/2

[Event "Barcelona 150 aniversity 2"]
[Site "Barcelona"]
[Date "2019.04.26"]
[Round "1.1"]
[White "Berengeno Vierge, Rodolfo"]
[Black "Vidal Moll, Francesc"]
[Result "1/2-1/2"]
[WhiteElo "1669"]
[BlackElo "1545"]
[PlyCount "42"]
[EventDate "2019.04.26"]
[EventType "swiss"]
[EventRounds "9"]
[EventCountry "ESP"]
[SourceTitle "EXT 2024"]
[Source "ChessBase"]
[SourceDate "2023.10.10"]
[SourceVersion "1"]
[SourceVersionDate "2023.10.10"]
[SourceQuality "1"]

1. Nf3 e6 2. d4 f5 3. Bf4 Nf6 4. h3 d5 5. Nbd2 Bd6 6. Be5 0-0 7. e3 Nc6 8. c3 Ne4 9. a3 Nxe5 10. Nxe5 Qf6 11. Ndf3 c5 12. Bd3 c4 13. Bc2 a6 14. a4 Qd8 15. 0-0 Bd7 16. Qe1 Be8 17. Nd2 Qc7 18. f4 Nxd2 19. Qxd2 Bxe5 20. dxe5 Bh5 21. Bd1 Bxd1 1/2-1/2

[Event "Crucero op 5th"]
[Site "Crucero"]
[Date "2016.10.23"]
[Round "2.9"]
[White "Garcia Castany, Josep"]
[Black "Vidal Moll, Francesc"]
[Result "0-1"]
[WhiteElo "1327"]
[BlackElo "1588"]
[PlyCount "42"]
[EventDate "2016.10.22"]
[EventType "swiss"]
[EventRounds "8"]
[EventCountry "ESP"]
[SourceTitle "EXT 2024"]
[Source "ChessBase"]
[SourceDate "2023.10.10"]
[SourceVersion "1"]
[SourceVersionDate "2023.10.10"]
[SourceQuality "1"]

1. d4 e6 2. c4 f5 3. Nf3 Nf6 4. b3 d5 5. e3 c6 6. Ba3 Bxa3 7. Nxa3 Qa5+ 8. Nd2 Qxa3 9. Be2 0-0 10. f3 Nbd7 11. Kf2 b6 12. h4 Qd6 13. h5 h6 14. Qc2 Nh7 15. Bd3 Ba6 16. Nf1 Ng5 17. Qd2 Qc7 18. Ng3 f4 19. Ne2 fxe3+ 20. Qxe3 Rf6 21. Ng1 Qf4 0-1

[Event "Crucero op 5th"]
[Site "Crucero"]
[Date "2016.10.22"]
[Round "1.4"]
[White "Vidal Moll, Francesc"]
[Black "Lisarri Tomas, Antonio"]
[Result "0-1"]
[WhiteElo "1588"]
[BlackElo "1984"]
[PlyCount "98"]
[EventDate "2016.10.22"]
[EventType "swiss"]
[EventRounds "8"]
[EventCountry "ESP"]
[SourceTitle "EXT 2024"]
[Source "ChessBase"]
[SourceDate "2023.10.10"]
[SourceVersion "1"]
[SourceVersionDate "2023.10.10"]
[SourceQuality "1"]

1. d4 Nf6 2. e3 g6 3. Bd3 Bg7 4. f4 d6 5. c3 0-0 6. Nf3 c6 7. e4 Nbd7 8. e5 Nd5 9. 0-0 Re8 10. Na3 b5 11. Nc2 N7b6 12. Qe1 a6 13. Qh4 e6 14. Qh3 c5 15. Ng5 h6 16. Ne4 c4 17. Be2 dxe5 18. fxe5 g5 19. Bh5 Rf8 20. Qg3 f5 21. Nd6 Bd7 22. Bd2 Nc8 23. Nb7 Qe7 24. Nc5 Bc6 25. Rad1 Ncb6 26. Bf3 a5 27. b3 Rad8 28. Bc1 Nxc3 29. Rd2 Ne4 30. Bxe4 fxe4 31. Ne3 Rxf1+ 32. Nxf1 b4 33. Re2 Rxd4 34. Be3 Rd1 35. Bf2 c3 36. Nxe4 Bxe4 37. Rxe4 c2 38. Be3 c1Q 39. Bxc1 Rxc1 40. Re2 Qc5+ 41. Rf2 Bxe5 42. Qd3 Bg7 43. Qe4 Qd5 44. Qe3 Rc6 45. Rd2 Qc5 46. Qxc5 Rxc5 47. Rd6 Nd5 48. Rxe6 Bd4+ 49. Kh1 Rc1 0-1

[Event "Barcelona Tres Peons-D 45th"]
[Site "Barcelona"]
[Date "2016.05.13"]
[Round "5.3"]
[White "Pascual Soro, Antonio"]
[Black "Vidal Moll, Francesc"]
[Result "0-1"]
[WhiteElo "1663"]
[BlackElo "1542"]
[PlyCount "48"]
[EventDate "2016.04.15"]
[EventType "swiss"]
[EventRounds "9"]
[EventCountry "ESP"]
[SourceTitle "EXT 2024"]
[Source "ChessBase"]
[SourceDate "2023.10.10"]
[SourceVersion "1"]
[SourceVersionDate "2023.10.10"]
[SourceQuality "1"]

1. d4 e6 2. Bf4 f5 3. Nf3 Nf6 4. g3 b6 5. Bg2 Bb7 6. 0-0 Be7 7. Nbd2 Nd5 8. Be5 0-0 9. c4 Nf6 10. Nh4 Bxg2 11. Nxg2 d6 12. Bf4 Nbd7 13. f3 e5 14. dxe5 dxe5 15. Be3 Bd6 16. f4 e4 17. h3 Qe8 18. Bf2 Nh5 19. e3 Qg6 20. Nh4 Qh6 21. Nxe4 fxe4 22. Qd5+ Kh8 23. Nf5 Qg6 24. Nh4 Qf7 0-1

[Event "Barcelona Primavera La Lira op 8th"]
[Site "Barcelona"]
[Date "2015.05.21"]
[Round "7"]
[White "Serentill Tost, Eduard"]
[Black "Vidal Moll, Francesc"]
[Result "1-0"]
[WhiteElo "1618"]
[BlackElo "1782"]
[PlyCount "151"]
[EventDate "2015.04.09"]
[EventType "swiss"]
[EventRounds "9"]
[EventCountry "ESP"]
[SourceTitle "CBM 166 Extra"]
[Source "ChessBase"]
[SourceDate "2015.06.18"]
[SourceVersion "1"]
[SourceVersionDate "2015.06.18"]
[SourceQuality "1"]

1. e4 e6 2. d4 d5 3. Nc3 dxe4 4. Nxe4 Bd7 5. Nf3 Bc6 6. Bd3 Nd7 7. 0-0 Ngf6 8. Nxf6+ Qxf6 9. Be2 Bxf3 10. Bxf3 c6 11. c3 Bd6 12. g3 0-0 13. Bg2 Rad8 14. Be3 Nb6 15. Qc1 h6 16. c4 Bb8 17. Qc2 e5 18. dxe5 Bxe5 19. Rab1 Qe6 20. b3 Bd4 21. Bd2 Rfe8 22. Rfe1 Qf6 23. Rxe8+ Rxe8 24. Bb4 Nc8 25. Re1 Rxe1+ 26. Bxe1 Nd6 27. Qe2 Kf8 28. Bb4 c5 29. Bd2 b6 30. Qf3 Qxf3 31. Bxf3 Be5 32. Bd5 Ke7 33. f4 Bd4+ 34. Kg2 f5 35. Kf3 Ne8 36. Ke2 Bg1 37. h3 Nf6 38. Bf3 Bd4 39. Kd3 Ne8 40. g4 g6 41. b4 Kd6 42. b5 Nc7 43. a4 Ne6 44. gxf5 gxf5 45. Bh5 Ng7 46. Bf3 Ne6 47. Ke2 Ke7 48. Bd5 Nc7 49. Bg2 Ne6 50. Kf3 Kf7 51. h4 h5 52. Bf1 Kg6 53. Bd3 Ng7 54. a5 Ne6 55. axb6 axb6 56. Kg3 Ng7 57. Ba5 Ne8 58. Bxb6 Nd6 59. Bc7 Nb7 60. Be2 Bf6 61. Bf3 Nd8 62. b6 Be7 63. b7 Nxb7 64. Bxb7 Bf8 65. Ba5 Bd6 66. Kf3 Be7 67. Be1 Bd6 68. Ke3 Kf6 69. Bg3 Bc7 70. Kd3 Bd6 71. Kc3 Kg6 72. Kb3 Kf6 73. Ka4 Kf7 74. Kb5 Kf6 75. Kc6 Ke7 76. Bc8 1-0

[Event "Barcelona Primavera La Lira op 8th"]
[Site "Barcelona"]
[Date "2015.04.23"]
[Round "3"]
[White "Vidal Moll, Francesc"]
[Black "Volart Buil, Jordi"]
[Result "0-1"]
[WhiteElo "1782"]
[BlackElo "1784"]
[PlyCount "102"]
[EventDate "2015.04.09"]
[EventType "swiss"]
[EventRounds "9"]
[EventCountry "ESP"]
[SourceTitle "CBM 166 Extra"]
[Source "ChessBase"]
[SourceDate "2015.06.18"]
[SourceVersion "1"]
[SourceVersionDate "2015.06.18"]
[SourceQuality "1"]

1. d4 Nf6 2. e3 c5 3. c3 e6 4. f4 d5 5. Bd3 Qb6 6. Nd2 Nbd7 7. Ngf3 Bd6 8. 0-0 Nf8 9. Ne5 Ng6 10. Qe1 Bxe5 11. fxe5 Ng4 12. Qg3 Nh6 13. Nf3 Nf5 14. Qf2 Bd7 15. Bxf5 exf5 16. Nh4 Nxh4 17. Qxh4 c4 18. Rb1 a5 19. Bd2 a4 20. Kh1 Qg6 21. Be1 Ra6 22. Bg3 h5 23. Bf4 Qg4 24. Bg3 g5 25. Qxg4 fxg4 26. Rf6 Rh6 27. Rbf1 Rhxf6 28. Rxf6 Be6 29. h4 gxh3 30. gxh3 Rb6 31. Rf2 Bxh3 32. Rh2 Bg4 33. Rf2 Ke7 34. a3 h4 35. Bh2 Bd1 36. Rd2 Bf3+ 37. Kg1 Ke6 38. Kf2 Be4 39. Kg1 Kf5 40. Rf2+ Kg6 41. Rd2 f5 42. Rf2 g4 43. Bf4 Kh5 44. Kh2 g3+ 45. Bxg3 hxg3+ 46. Kxg3 Rg6+ 47. Kh3 Rb6 48. Kg3 Kg6 49. Kf4 Kg7 50. Rh2 Rg6 51. Rf2 Rg4# 0-1

[Event "Barcelona Sant Marti op-B 4th"]
[Site "Barcelona"]
[Date "2015.03.12"]
[Round "9"]
[White "Vidal Moll, Francesc"]
[Black "Orts Gonzalez, Rafael"]
[Result "1-0"]
[WhiteElo "1818"]
[BlackElo "1700"]
[PlyCount "115"]
[EventDate "2015.01.15"]
[EventType "swiss"]
[EventRounds "9"]
[EventCountry "ESP"]
[SourceTitle "EXT 2016"]
[Source "ChessBase"]
[SourceDate "2015.10.08"]
[SourceVersion "1"]
[SourceVersionDate "2015.10.08"]
[SourceQuality "1"]

1. d4 e6 2. e3 Ne7 3. Bd3 g6 4. f4 Nec6 5. c3 Bg7 6. Nf3 h5 7. Nbd2 d5 8. 0-0 h4 9. h3 Bf6 10. e4 Rh5 11. e5 Bg7 12. Ng5 Bh6 13. Ndf3 Bg7 14. Qe1 Rh6 15. Nd2 Kf8 16. Nb3 Ne7 17. Nc5 Nf5 18. Bxf5 gxf5 19. Be3 Nc6 20. Bf2 Kg8 21. Bxh4 Qe7 22. Rd1 f6 23. Nf3 Qf7 24. Rd3 Rg6 25. Nd2 b6 26. Rg3 bxc5 27. Rff3 Kf8 28. Rxg6 Qxg6 29. Rg3 Qh6 30. Nf3 cxd4 31. exf6 Bxf6 32. Bxf6 Qxf6 33. Ng5 Qh6 34. cxd4 Nxd4 35. Qe5 c5 36. Qc7 Ke8 37. Nf7 Bd7 38. Nxh6 Ne2+ 39. Kh2 Nxg3 40. Kxg3 Ke7 41. Qxc5+ Kf6 42. Qc7 Ke7 43. Kh4 Rh8 44. Kg5 Rc8 45. Qxa7 Rc2 46. Qa3+ Ke8 47. Kf6 Kd8 48. Nf7+ Kc7 49. Qa7+ Kc6 50. Nd8+ Kb5 51. Qxd7+ Kc4 52. Nxe6 Rxb2 53. Qa4+ Rb4 54. Qc2+ Kb5 55. Nc7+ Ka5 56. Qc3 Ka4 57. Nxd5 Rb8 58. Qc6+ 1-0

[Event "Barcelona Sant Marti op-B 4th"]
[Site "Barcelona"]
[Date "2015.02.19"]
[Round "6"]
[White "Martinez Garcia, Lluis"]
[Black "Vidal Moll, Francesc"]
[Result "1-0"]
[WhiteElo "1894"]
[BlackElo "1818"]
[PlyCount "115"]
[EventDate "2015.01.15"]
[EventType "swiss"]
[EventRounds "9"]
[EventCountry "ESP"]
[SourceTitle "EXT 2016"]
[Source "ChessBase"]
[SourceDate "2015.10.08"]
[SourceVersion "1"]
[SourceVersionDate "2015.10.08"]
[SourceQuality "1"]

1. e4 e6 2. d4 d5 3. Nc3 dxe4 4. Nxe4 Bd7 5. Nf3 Bc6 6. Bd3 Nd7 7. 0-0 Ngf6 8. Bg5 Be7 9. Ned2 Bxf3 10. Nxf3 c6 11. Re1 0-0 12. c4 Qa5 13. Qc2 g6 14. Ne5 Rad8 15. Bh6 Rfe8 16. a3 c5 17. dxc5 Qxc5 18. b4 Qd4 19. Nf3 Qb6 20. h3 Bf8 21. Bxf8 Kxf8 22. c5 Qc7 23. Bb5 Re7 24. Qc3 Ng8 25. Rad1 Ndf6 26. Rxd8+ Qxd8 27. Qc2 Qc7 28. Ne5 Nd5 29. Ba4 Ngf6 30. Bb3 Nd7 31. Nxd7+ Qxd7 32. Ba4 Qc7 33. b5 Qa5 34. Rc1 Nc7 35. c6 Qb6 36. cxb7 Qxb7 37. Qb2 Kg8 38. Qb4 Nd5 39. Qd4 Rc7 40. Rxc7 Qxc7 41. Bb3 Qc1+ 42. Kh2 Qf4+ 43. Qxf4 Nxf4 44. a4 Nd5 45. Bxd5 exd5 46. Kg3 Kf8 47. a5 Ke7 48. b6 axb6 49. a6 d4 50. a7 d3 51. Kf3 Kd6 52. Ke3 Kc5 53. Kxd3 Kb4 54. h4 Kb3 55. g4 b5 56. f4 Kb2 57. a8Q b4 58. Kc4 1-0

[Event "Barcelona Sant Marti op-B 4th"]
[Site "Barcelona"]
[Date "2015.01.22"]
[Round "2"]
[White "Monteagudo Aguilera, Maximo"]
[Black "Vidal Moll, Francesc"]
[Result "1-0"]
[WhiteElo "1920"]
[BlackElo "1818"]
[PlyCount "87"]
[EventDate "2015.01.15"]
[EventType "swiss"]
[EventRounds "9"]
[EventCountry "ESP"]
[SourceTitle "EXT 2016"]
[Source "ChessBase"]
[SourceDate "2015.10.08"]
[SourceVersion "1"]
[SourceVersionDate "2015.10.08"]
[SourceQuality "1"]

1. e4 e6 2. Nf3 d5 3. e5 c5 4. d4 Qb6 5. c3 Nc6 6. Be2 cxd4 7. cxd4 Nh6 8. Bxh6 Qxb2 9. Bxg7 Bxg7 10. Nbd2 Nxd4 11. Nxd4 Qxd4 12. Bb5+ Bd7 13. Bxd7+ Kxd7 14. 0-0 Qxe5 15. Rb1 b6 16. Qa4+ Ke7 17. Rfe1 Qd6 18. Rbd1 Rhc8 19. Qh4+ Bf6 20. Qh6 Rg8 21. Ne4 Qe5 22. Ng3 Qc3 23. Qxh7 Rg7 24. Nf5+ Kd7 25. Nxg7 Bxg7 26. Qh5 Rf8 27. Qg4 Kd6 28. Rc1 Qb2 29. Qa4 Bc3 30. Qxa7 Rc8 31. Rb1 Rc7 32. Qxb6+ Qxb6 33. Rxb6+ Kd7 34. Reb1 d4 35. Rb7 e5 36. Rxc7+ Kxc7 37. Kf1 e4 38. Rb5 d3 39. h4 Kc6 40. a4 Bd4 41. h5 d2 42. Ke2 Bxf2 43. Kxd2 e3+ 44. Kd3 1-0

[Event "Barcelona Sant Marti op-B 4th"]
[Site "Barcelona"]
[Date "2015.01.15"]
[Round "1"]
[White "Vidal Moll, Francesc"]
[Black "Poyato Ruiz, Fernando"]
[Result "1-0"]
[WhiteElo "1818"]
[BlackElo "1964"]
[PlyCount "85"]
[EventDate "2015.01.15"]
[EventType "swiss"]
[EventRounds "9"]
[EventCountry "ESP"]
[SourceTitle "EXT 2016"]
[Source "ChessBase"]
[SourceDate "2015.10.08"]
[SourceVersion "1"]
[SourceVersionDate "2015.10.08"]
[SourceQuality "1"]

1. d4 e6 2. e3 Nf6 3. Bd3 d5 4. Nd2 c5 5. c3 Nc6 6. f4 Be7 7. Ngf3 0-0 8. 0-0 Bd7 9. Ne5 Rc8 10. Qe2 c4 11. Bc2 b5 12. e4 Qb6 13. Kh1 b4 14. exd5 exd5 15. Nxc6 Qxc6 16. Qxe7 Rfe8 17. Qxb4 Qe6 18. h3 Nh5 19. Kh2 Qe3 20. Rf3 Qe1 21. Qd6 Rcd8 22. Qc7 Qh4 23. Nf1 Re1 24. f5 Qe7 25. Re3 Rxe3 26. Bxe3 Rc8 27. Qxa7 Qd6+ 28. Kg1 Re8 29. Re1 Ng3 30. Bf2 Ne2+ 31. Kh1 Bc8 32. Bd1 Qf4 33. Rxe2 Rxe2 34. Bxe2 Qxf2 35. Qc7 Qxf5 36. Bg4 Qxf1+ 37. Kh2 g6 38. Bxc8 Qf2 39. Qb8 f5 40. Be6+ Kg7 41. Bxd5 f4 42. Qe5+ Kh6 43. Bf3 1-0